000 00807nas a2200265 4500
001 BR2011005414
003 BR-BrBNA
005 20231205115618.0
007 ta
008 230509b bl.|||p| |||| 00| 00por d
040 _aBR-BrBNA
_bpor
_cBiblioteca Nacional de Agricultura
041 _a(Pt)
072 _aK10
100 1 _aSchumacher, M.V.
100 1 _aWitschoreck, R.
100 1 _aCali, F.N.
245 1 _aBiomassa em povoamentos de Eucalyptus spp. de pequenas propriedades rurais em Vera Cruz, RS
650 _aEUCALIPTO
650 _aSILVICULTURA
650 _aPRODUÇÃO FLORESTAL
650 _aBIOMASSA
773 0 _tCiência Florestal (Brazil)
_xISSN 0103-9954
_g(Jan-Mar 2011), v. 21(1) p. 17-22
_wBR2011005414
909 _a202311
_bLúcia
_c55
_dLúcia Elande
942 _2AGRIS
_n0
_cANA
999 _c214788
_d214788